India Unleashed Problems and Prospects/ (Record no. 204620)

MARC details
000 -LEADER
fixed length control field 00602nam a22002057a 4500
005 - DATE AND TIME OF LATEST TRANSACTION
control field 20240730115547.0
010 ## - LCCN (DPL NO)
LC control number ENG-141077
020 ## - INTERNATIONAL STANDARD BOOK NUMBER
International Standard Book Number 9788187770060
Terms of availability 750.00
035 ## - SYSTEM CONTROL NUMBER
System control number EN-124609
037 ## - SOURCE OF ACQUISITION
Source of stock number/acquisition DBAD
082 ## - DEWEY DECIMAL CLASSIFICATION NUMBER
Classification number 320
100 ## - MAIN ENTRY--PERSONAL NAME
Personal name Mohan Saumitra
245 ## - TITLE STATEMENT
Title India Unleashed Problems and Prospects/
Remainder of title Saumitra Mohan
260 ## - PUBLICATION, DISTRIBUTION, ETC. (IMPRINT)
Place of publication, distribution, etc Allahabad
Name of publisher, distributor, etc Anamika Prakashani
Date of publication, distribution, etc 2009
270 ## - ADDRESS
Address 98/52 Tularambagh,
City Allahabad
Postal code 211006
300 ## - PHYSICAL DESCRIPTION
Extent 358p.
Dimensions 22cm (pbk)
650 ## - SUBJECT ADDED ENTRY--TOPICAL TERM
Topical term or geographic name as entry element Biography
700 ## - ADDED ENTRY--PERSONAL NAME
Personal name Gore, Madhav Sadashiv
9 (RLIN) 10217
942 ## - ADDED ENTRY ELEMENTS (KOHA)
Source of classification or shelving scheme Dewey Decimal Classification
Item type English Books
Classification part 320
Call number suffix MOH
Holdings
Withdrawn status Lost status Not for loan Collection code Home library Current library Date acquired Source of acquisition Cost, normal purchase price Full call number Barcode Copy number Cost, replacement price Koha item type
      Non-fiction Patel Nagar Patel Nagar 30/07/2024 DBAD 750.00 320 MOH EN-124609 1 750.00 English Books

© Delhi Public Library
Hit Counter
free hit counter